01112nam a22002057a 4500003000400000020001800004082001700022100002400039245006100063260003000124300000800154650001800162942001200180952013700192952014000329952014000469952014000609952014000749999001700889SGT a81-86270-23-X a612.015bRAO aRAO, DR. G. DEVALA  aA TEXTBOOK OF APPLIED BIOCHEMISTRY & CLINICAL PATHOLOGY  aINDIA bBIRLA PUB. c2027 a297 aBIOCHEMISTRY  2ddccBK 00102ddc40718FSaSSSLbSSSLcREFd2025-10-28eABC g320.00iSGTUo612.015 RAOpDP841r2025-10-28 00:00:00w2025-09-17yBKk21721 00102ddc40708FSaSSSLbSSSLcTXTd2025-10-28eABC g320.00iSGTUl0o612.015 RAOpDP842r2025-10-28 00:00:00w2025-09-17yBKk21721 00102ddc40708FSaSSSLbSSSLcTXTd2025-10-28eABC g320.00iSGTUl0o612.015 RAOpDP843r2025-10-28 00:00:00w2025-09-17yBKk21721 00102ddc40708FSaSSSLbSSSLcTXTd2025-10-28eABC g320.00iSGTUl0o612.015 RAOpDP844r2025-10-28 00:00:00w2025-09-17yBKk21721 00102ddc40708FSaSSSLbSSSLcTXTd2025-10-28eABC g320.00iSGTUl0o612.015 RAOpDP845r2025-10-28 00:00:00w2025-09-17yBKk21721 c32930d32930